Enfermería facultativa: reflexiones filosófico-éticas
Gorde:
| Egile nagusia: | |
|---|---|
| Formatua: | Liburua |
| Hizkuntza: | gaztelania |
| Argitaratua: |
Madrid
Díaz de Santos S. A
2006
|
| Edizioa: | 1a. ed |
| Gaiak: | |
| Etiketak: |
Etiketa erantsi
Etiketarik gabe, Izan zaitez lehena erregistro honi etiketa jartzen!
|
MARC
| LEADER | 00000cam a2200000 a 4500 | ||
|---|---|---|---|
| 001 | UCD4924 | ||
| 003 | CL-VaPUC | ||
| 008 | 160731e20060000sp |||||||||||||||||spa|d | ||
| 020 | |a 8479787775 | ||
| 082 | 0 | 4 | |a 610.73 |b ESE |2 21 |
| 100 | 0 | |a Eseverri Chaverri, Cecilio |e author |9 588638 | |
| 245 | 1 | 0 | |a Enfermería facultativa: reflexiones filosófico-éticas |
| 250 | |a 1a. ed | ||
| 300 | |a 207 p | ||
| 942 | |c BK | ||
| 945 | |d 20160731 21:25:00 |a dcastane | ||
| 260 | |a Madrid |b Díaz de Santos S. A |c 2006 | ||
| 650 | 7 | |a ENFERMERIA |2 CL-VaPUC |9 358289 | |
| 650 | 0 | |a Asistentes médicos |9 556767 | |
| 583 | |a last modification |c 20160731 21:25:00 |k Rodrigo Vera | ||
| 999 | |c 365714 |d 365712 | ||